000
00249nam a2200097Ia 4500
001
815392
005
20250826171655.0
008
250824s9999 xx 000 0 und d
245
0
_a
KÜÇÜK PRENS
_c
ANTOINE DE SAINT-EXUPERY
260
_b
PANAMA YAYINLARI
999
_c
815392
_d
815392